Resource planning for tourism development

Bibliographic Details
Main Author: Makan, Dileep
Format: Book
Published: New Delhi : Adhyayan Publishers & Distributors , 2006
Series:Tourism development in 21st century series
Subjects:

MARC

LEADER 00000cam a2200000 7i4500
001 0000018831
005 20091126.0
008 080611
020 |a 8189161911 
090 0 0 |a 338.4791   |b MAK 
100 1 |a Makan, Dileep 
245 1 0 |a Resource planning for tourism development   |c Dileep Makan 
260 |a New Delhi :   |b Adhyayan Publishers & Distributors ,   |c 2006 
440 |a Tourism development in 21st century series 
650 0 |a Tourism   |x 21st century 
650 0 |a Tourist trade 
999 |a 0001022065   |b Book   |c Adult Collection   |e Cawangan Urban Transformation Centre 
999 |a 0001027707   |b Book   |c REFERENCE   |e Cawangan Pontian